000 00546nam a2200229Ia 4500
003 OSt
005 20221005130733.0
006 a|||||r|||| 00| 0
007 ta
008 221004b |||||||| |||| 00| 0 kan d
024 _a62018
037 _cTextual
040 _aCRL
_cCRL
_bkan
041 _2kan
_akan
082 _aY:f, 33L4
100 _aRajasekhara Au.
245 0 _aSamaji ke samsodham
260 _c1974
650 _aSOCIOLOGY
942 _hY:f, 33L4
_cTEXL
_2cc
999 _c1058237
_d1058237